<?xml version="1.0" encoding="UTF-8"?><?xml-stylesheet type="text/xsl" href="static/style.xsl"?><OAI-PMH xmlns="http://www.openarchives.org/OAI/2.0/" xmlns:xsi="http://www.w3.org/2001/XMLSchema-instance" xsi:schemaLocation="http://www.openarchives.org/OAI/2.0/ http://www.openarchives.org/OAI/2.0/OAI-PMH.xsd"><responseDate>2026-06-01T04:36:24Z</responseDate><request verb="GetRecord" identifier="oai:riuma.uma.es:10630/20658" metadataPrefix="marc">https://riuma.uma.es/rest/oai/request</request><GetRecord><record><header><identifier>oai:riuma.uma.es:10630/20658</identifier><datestamp>2026-02-03T10:28:00Z</datestamp><setSpec>com_10630_1685</setSpec><setSpec>col_10630_38056</setSpec></header><metadata><record xmlns="http://www.loc.gov/MARC21/slim" xmlns:dcterms="http://purl.org/dc/terms/" xmlns:doc="http://www.lyncode.com/xoai" xmlns:xsi="http://www.w3.org/2001/XMLSchema-instance" xsi:schemaLocation="http://www.loc.gov/MARC21/slim http://www.loc.gov/standards/marcxml/schema/MARC21slim.xsd">
   <leader>00925njm 22002777a 4500</leader>
   <datafield ind2=" " ind1=" " tag="042">
      <subfield code="a">dc</subfield>
   </datafield>
   <datafield ind2=" " ind1=" " tag="720">
      <subfield code="a">Muñoz Del Águila, Cristina</subfield>
      <subfield code="e">author</subfield>
   </datafield>
   <datafield ind2=" " ind1=" " tag="260">
      <subfield code="c">2021-01-07</subfield>
   </datafield>
   <datafield ind2=" " ind1=" " tag="520">
      <subfield code="a">El proyecto artístico  nace a partir de las reﬂ exiones alcanzadas tras la realización de mi TFG el año pasado. Dicho proyecto, centraba su interés en la imposibilidad que me surgía a la hora de reconocerme en mis propios autorretratos y autorrepresentaciones. Un hecho que me situaba en la dicotomía que se establecía entre el placer de reconocerme en pequeños fragmentos en algunas ocasiones y el dolor de no reconocerme en absoluto en otras, momento en el que comienzo a cuestionarme mi propio «yo».&#xd;
Haciendo un recorrido por los recuerdos de mi infancia trataré de rastrear los puntos que me marcaron poderosamente, ya sean momentos felices, aparentemente irrelevantes o traumáticos. La infancia, que parece ser tierna en su totalidad, convive con la violencia que implican los mecanismos de enseñanza y el desarrollo de los acontecimientos. La vida es violenta y ningún período de esta se libra de serlo. Respondiendo a la gran pregunta sobre la que se basa este trabajo y que trata sobre cómo construí mi propio «yo», pretendo demostrar que tanto la violencia como la ternura nos acompañan durante toda nuestra existencia sin negarse la una a la otra, conviviendo.</subfield>
   </datafield>
   <datafield ind1="8" ind2=" " tag="024">
      <subfield code="a">https://hdl.handle.net/10630/20658</subfield>
   </datafield>
   <datafield tag="653" ind2=" " ind1=" ">
      <subfield code="a">Bellas Artes - Trabajos Fin de Master</subfield>
   </datafield>
   <datafield ind2="0" ind1="0" tag="245">
      <subfield code="a">La ternura</subfield>
   </datafield>
</record>
</metadata></record></GetRecord></OAI-PMH>